Einführung in die höhere Algebra /
Guardado en:
| Autor Principal: | |
|---|---|
| Formato: | Libro |
| Idioma: | German |
| Publicado: |
Göttingen :
Vandenhoeck & Ruprecht,
1951.
|
| Series: | Studia mathematica - Mathematische Lehrbücher ;
Bd. 7 |
| Etiquetas: |
Agregar Etiqueta
Sin Etiquetas, Sea el primero en etiquetar este registro!
|
| LEADER | 00599cam a22001815 4500 | ||
|---|---|---|---|
| 001 | MAT.inmabb001892 | ||
| 008 | 750312s1951####gw#######b####001#0#ger#d | ||
| 005 | 20170614164619.0 | ||
| 245 | 1 | 0 | |a Einführung in die höhere Algebra / |c Günter Pickert. |
| 260 | |a Göttingen : |b Vandenhoeck & Ruprecht, |c 1951. | ||
| 300 | |a 298 p. ; |c 24 cm. | ||
| 440 | 0 | |a Studia mathematica - Mathematische Lehrbücher ; |v Bd. 7 | |
| 504 | |a Bibliografía: p. [288]-289. | ||
| 510 | 4 | |a MR, |c MR0039700 | |
| 100 | 1 | |a Pickert, Günter, |d 1917- | |
| 084 | |a 09.1X |2 MR | ||
| 010 | |a 51018801 | ||
| 859 | |h 00A05 |i P595 |p A-3385 |b BIB. MATEMATICA | ||
